000 00780nam a2200253Ia 4500
003 OSt
005 20220928130242.0
006 a|||||r|||| 00| 0
007 ta
008 220927b |||||||| |||| 00| 0 eng d
020 _cUSD 99.95
024 _a139813
037 _b29, 06/02/2019, Excel Book International
_cTextual
040 _aSDCL
_cSDCL
_beng
041 _2eng
_aeng
082 _aD6,8(B),22:8, Q8
100 _aGori Marco
_9473276
245 0 _aMachine learning
_b A constraint-based approach
260 _aCambridge
_bMorgan Kaufmann Publishers
_c2018
300 _axx,560p.
_ccm.
650 _aFinancial Studies
942 _hD6,8(B),22:8, Q8
_cTEXL
_2CC
999 _c785781
_d785781